000 02042nam0a2200349 4500
001 RU\NLR\BIBL_A\022807182
005 20260514131900.0
021 _aRU
_bРг 9734-85
021 _aRU
_b85-56911
035 _a(NLR Aleph) 022807182
090 _a13707354
_c13707354
100 _a20260514d1985 k y0rusy50 ca
101 0 _arus
102 _aRU
105 _aa z 000 y
181 0 _ai
_baxxe
182 0 _an
200 1 _aМодели и методы принятия решений в управлении производственными объединениями
_e[сборник статей]
_fАН СССР, Центральный экономико-математический институт
_g[ответственные редакторы: кандидат экономических наук В.И. Данилин, кандидат технических наук А.С. Плещинский]
203 _aТекст
_bвизуальный
_cнепосредственный
210 _aМосква
_cЦентральный экономико-математический институт
_d1985
215 _a170 с.
_cил.
_d20
320 _aБиблиогр. в конце статей
606 1 _aПринятие решений в управлении
_xМатематическое моделирование
_jСборники
_2nlr_sh1
_3RU\NLR\AUTH\661347647
606 1 _aПроизводственные объединения
_xУправление
_xМатематические методы
_jСборники
_2nlr_sh1
_3RU\NLR\AUTH\66924331
686 1 _aУ21(2)03я43
702 1 _aДанилин
_bВ. И.
_gВячеслав Иванович
_3RU\NLR\AUTH\7747336
_4340
702 1 _aПлещинский
_bА. С.
_gАндрей Станиславович
_4340
711 0 2 _aЦентральный экономико-математический институт
_cМосква
_3RU\NLR\AUTH\889947119
852 _aNLR
_j85-3/8534
942 _cBOOK
980 _aNB